[Event "CRO-ch Seniors"]
[Site "Malinska"]
[Date "2018.11.06"]
[Round "4"]
[White "Brigljevic, Milan"]
[Black "Mandekic, Ivan"]
[Result "1/2-1/2"]
[WhiteElo "2161"]
[BlackElo "2232"]
[PlyCount "122"]
[EventDate "2018.11.04"]
[EventType "swiss"]
[EventRounds "7"]
[EventCountry "CRO"]
[SourceTitle "CBM 187 Extra"]
[Source "ChessBase"]
[SourceDate "2018.11.04"]
[SourceVersion "1"]
[SourceVersionDate "2018.11.04"]
[SourceQuality "1"]

1. d4 Nf6 2. Nf3 e6 3. e3 c5 4. Bd3 b6 5. 0-0 Bb7 6. b3 d5 7. Bb2 Nc6 8. Ne5 Bd6 9. Nd2 0-0 10. a3 Rc8 11. Qe2 Ne7 12. Rac1 Ng6 13. Nxg6 hxg6 14. dxc5 Rxc5 15. b4 Rc7 16. c4 Qb8 17. h3 Rfc8 18. cxd5 Rxc1 19. Rxc1 Rxc1+ 20. Bxc1 Nxd5 21. Nc4 Be7 22. Bb2 Bf6 23. Bxf6 Nxf6 24. Qd2 Qc7 25. Bf1 Bd5 26. Qd4 Ne4 27. Bd3 Nf6 28. Qe5 Qc8 29. Qd4 Qc6 30. Bf1 Qa4 31. Nd6 Qc2 32. f3 Qc6 33. Nb5 Qb7 34. e4 Bc6 35. Qd8+ Ne8 36. Nd6 Qd7 37. Qxd7 Bxd7 38. Nxe8 Bxe8 39. e5 g5 40. g3 f6 41. Bc4 Kf7 42. f4 gxf4 43. gxf4 Bd7 44. Kf2 Kg6 45. Bd3+ Kh5 46. Kg3 fxe5 47. fxe5 g5 48. Bc4 a5 49. b5 a4 50. Be2+ Kh6 51. h4 gxh4+ 52. Kxh4 Be8 53. Bc4 Bd7 54. Kg4 Kg6 55. Bd3+ Kh6 56. Be2 Kg6 57. Kf4 Kh6 58. Bc4 Kg6 59. Kg4 Kh6 60. Bd3 Be8 61. Kh4 Bd7 1/2-1/2

[Event "Schwarzach op 32nd"]
[Site "Schwarzach"]
[Date "2017.08.25"]
[Round "8"]
[White "Lizak, Peter"]
[Black "Mandekic, Ivan"]
[Result "1-0"]
[WhiteElo "2465"]
[BlackElo "2205"]
[PlyCount "83"]
[EventDate "2017.08.19"]
[EventType "swiss"]
[EventRounds "9"]
[EventCountry "AUT"]
[SourceTitle "CBM 180 Extra"]
[Source "ChessBase"]
[SourceDate "2017.10.06"]
[SourceVersion "1"]
[SourceVersionDate "2017.10.06"]
[SourceQuality "1"]

1. c4 c5 2. g3 e6 3. Bg2 Nf6 4. Nf3 a6 5. Nc3 Qc7 6. 0-0 Be7 7. b3 b6 8. d4 cxd4 9. Qxd4 Bb7 10. Rd1 Bc5 11. Qf4 Qxf4 12. Bxf4 Ne4 13. Nxe4 Bxe4 14. Ng5 Bxg2 15. Kxg2 Nc6 16. Ne4 Be7 17. a4 f5 18. Nd6+ Bxd6 19. Bxd6 Ra7 20. b4 Kf7 21. b5 axb5 22. axb5 Rxa1 23. Rxa1 Nd4 24. e3 Nb3 25. Ra7 Rd8 26. Bc7 Rc8 27. Bxb6 Rxc4 28. Rxd7+ Kf6 29. Bd8+ Kg6 30. Be7 Rc2 31. Bf8 Nd2 32. Rxg7+ Kf6 33. b6 Ne4 34. Rc7 Rxf2+ 35. Kg1 Kg5 36. Rg7+ Kh5 37. Rxh7+ Kg6 38. Rg7+ Kh5 39. b7 Rb2 40. Ba3 Rb5 41. Kg2 Nd2 42. Bd6 1-0

[Event "Schwarzach op 32nd"]
[Site "Schwarzach"]
[Date "2017.08.24"]
[Round "7"]
[White "Mandekic, Ivan"]
[Black "Borsos, Bogdan"]
[Result "1-0"]
[WhiteElo "2205"]
[BlackElo "2332"]
[PlyCount "47"]
[EventDate "2017.08.19"]
[EventType "swiss"]
[EventRounds "9"]
[EventCountry "AUT"]
[SourceTitle "CBM 180 Extra"]
[Source "ChessBase"]
[SourceDate "2017.10.06"]
[SourceVersion "1"]
[SourceVersionDate "2017.10.06"]
[SourceQuality "1"]

1. c4 g6 2. g3 Bg7 3. Bg2 c5 4. Nf3 Nc6 5. 0-0 e5 6. Nc3 Nge7 7. a3 0-0 8. Rb1 a5 9. Ne1 d6 10. Nc2 h6 11. d3 f5 12. Ne3 g5 13. Ned5 f4 14. b4 axb4 15. axb4 cxb4 16. Nxb4 Nd4 17. Nbd5 Nxd5 18. Bxd5+ Kh8 19. e3 Nc6 20. Qh5 Qd7 21. Be4 Qh3 22. Qxh3 Bxh3 23. Re1 fxe3 24. fxe3 1-0

[Event "Schwarzach op 32nd"]
[Site "Schwarzach"]
[Date "2017.08.19"]
[Round "1"]
[White "Mandekic, Ivan"]
[Black "Jovanovic, Zoran"]
[Result "0-1"]
[WhiteElo "2205"]
[BlackElo "2531"]
[PlyCount "86"]
[EventDate "2017.08.19"]
[EventType "swiss"]
[EventRounds "9"]
[EventCountry "AUT"]
[SourceTitle "CBM 180 Extra"]
[Source "ChessBase"]
[SourceDate "2017.10.06"]
[SourceVersion "1"]
[SourceVersionDate "2017.10.06"]
[SourceQuality "1"]

1. c4 g6 2. Nf3 Bg7 3. g3 c5 4. Bg2 Nc6 5. Nc3 e5 6. 0-0 d6 7. a3 Nge7 8. Rb1 a5 9. Ne1 Be6 10. d3 0-0 11. Nc2 d5 12. cxd5 Nxd5 13. Nxd5 Bxd5 14. Bxd5 Qxd5 15. b4 cxb4 16. axb4 a4 17. b5 Nd4 18. Nxd4 exd4 19. Ba3 Rfc8 20. Rb2 Rc3 21. Qa1 Rb3 22. Rfb1 Qxb5 23. Rxb3 axb3 24. Qb2 Qa4 25. Bd6 Rd8 26. Bf4 Qa2 27. Qxb3 Qxe2 28. Qc4 Qf3 29. Qc7 Rf8 30. Rxb7 h6 31. Bd6 Re8 32. Rb8 Rxb8 33. Qxb8+ Kh7 34. Qb3 g5 35. h3 h5 36. Qb5 Kg6 37. Bb8 Bf6 38. Qb1 h4 39. Qf1 Qb7 40. Bd6 Qc6 41. Bb8 Qb6 42. gxh4 Qxb8 43. Qg2 Qf4 0-1

[Event "CRO-chT2 West"]
[Site "Croatia"]
[Date "2017.03.26"]
[Round "3.4"]
[White "Mandekic, Ivan"]
[Black "Cherin, Diego"]
[Result "0-1"]
[WhiteElo "2208"]
[BlackElo "2217"]
[PlyCount "88"]
[EventDate "2017.03.25"]
[EventType "team-tourn"]
[EventRounds "9"]
[EventCountry "CRO"]
[SourceTitle "EXT 2020"]
[Source "ChessBase"]
[SourceDate "2019.10.17"]
[SourceVersion "1"]
[SourceVersionDate "2019.10.17"]
[SourceQuality "1"]

1. c4 Nf6 2. g3 d5 3. cxd5 Qxd5 4. Nf3 e5 5. Nc3 Qa5 6. Bg2 Be7 7. d3 0-0 8. 0-0 c6 9. a3 Bg4 10. Be3 Nbd7 11. h3 Bh5 12. Nh4 Rfe8 13. g4 Bg6 14. Nxg6 hxg6 15. b4 Qc7 16. Rc1 a6 17. Qb3 Bd8 18. a4 Qd6 19. Qc4 Nb6 20. Qb3 Nbd5 21. Nxd5 Nxd5 22. Bxd5 cxd5 23. Rc5 d4 24. Bd2 Bb6 25. Rc2 e4 26. f4 e3 27. Be1 Rac8 28. b5 Rxc2 29. Qxc2 axb5 30. axb5 Qd7 31. Qa4 Rc8 32. Bg3 Rc5 33. Kh2 Kh7 34. Rb1 Qd5 35. Qd1 Rxb5 36. Rxb5 Qxb5 37. Qa1 Qc5 38. Qa2 f6 39. Qe6 Bc7 40. h4 Qc2 41. h5 Qxe2+ 42. Kh3 Qf1+ 43. Kh2 Bxf4 44. hxg6+ Kh6 0-1

[Event "Feffernitz op 25th"]
[Site "Feffernitz"]
[Date "2016.08.27"]
[Round "8"]
[White "Mandekic, Ivan"]
[Black "Jandke, Manfred"]
[Result "1-0"]
[WhiteElo "2223"]
[BlackElo "2147"]
[PlyCount "97"]
[EventDate "2016.08.21"]
[EventType "swiss"]
[EventRounds "9"]
[EventCountry "AUT"]
[SourceTitle "CBM 174 Extra"]
[Source "ChessBase"]
[SourceDate "2016.10.10"]
[SourceVersion "1"]
[SourceVersionDate "2016.10.10"]
[SourceQuality "1"]

1. Nf3 d5 2. g3 Bf5 3. Bg2 c6 4. c4 e6 5. cxd5 exd5 6. d3 Be7 7. 0-0 Nf6 8. Qb3 Qb6 9. Qc2 Nbd7 10. Nc3 Nc5 11. Be3 Qa6 12. Nd4 Bd7 13. b4 Ne6 14. b5 Qa5 15. bxc6 bxc6 16. Nxe6 fxe6 17. Na4 c5 18. Nxc5 Rc8 19. Nb3 Qa4 20. Qd1 e5 21. d4 Ng4 22. Bxd5 Nxe3 23. fxe3 Bg5 24. Qd3 Qb5 25. Qe4 Bxe3+ 26. Kh1 Qxd5 27. Qxd5 Bc6 28. Qxc6+ Rxc6 29. dxe5 Rc2 30. Kg2 Ke7 31. Kf3 Bb6 32. Rfe1 a5 33. Rac1 Rxa2 34. Ra1 Rf8+ 35. Ke4 Rxa1 36. Rxa1 Rf2 37. e3 Rxh2 38. Nxa5 Rc2 39. Ra4 Bxa5 40. Rxa5 Rc4+ 41. Kd5 Rg4 42. Ra7+ Kf8 43. e6 Rxg3 44. Kd6 g5 45. Ra8+ Kg7 46. e7 Rxe3 47. e8Q Rxe8 48. Rxe8 h5 49. Re5 1-0

[Event "Feffernitz op 25th"]
[Site "Feffernitz"]
[Date "2016.08.25"]
[Round "6"]
[White "Mandekic, Ivan"]
[Black "Zakhartsov, Viacheslav V"]
[Result "0-1"]
[WhiteElo "2223"]
[BlackElo "2532"]
[PlyCount "58"]
[EventDate "2016.08.21"]
[EventType "swiss"]
[EventRounds "9"]
[EventCountry "AUT"]
[SourceTitle "CBM 174 Extra"]
[Source "ChessBase"]
[SourceDate "2016.10.10"]
[SourceVersion "1"]
[SourceVersionDate "2016.10.10"]
[SourceQuality "1"]

1. c4 e5 2. g3 Nf6 3. Bg2 c6 4. d4 e4 5. Nc3 d5 6. cxd5 cxd5 7. Bg5 Bb4 8. Rc1 Nbd7 9. Nh3 h6 10. Bxf6 Bxc3+ 11. Rxc3 Nxf6 12. 0-0 0-0 13. f3 Re8 14. Nf2 Bf5 15. Qb3 Re7 16. Rfc1 exf3 17. Bxf3 Be4 18. Qb5 g6 19. Ng4 Nxg4 20. Bxg4 Kg7 21. Rc8 Rxc8 22. Rxc8 Qd6 23. Qc5 Qf6 24. Ra8 Kh7 25. Qc3 h5 26. Bf3 Bxf3 27. exf3 Re2 28. h4 Qf5 29. Kf1 Rc2 0-1

[Event "CRO-chT2W"]
[Site "Croatia"]
[Date "2016.03.06"]
[Round "3.1"]
[White "Mandekic, Ivan"]
[Black "Zufic, Zeljko"]
[Result "1-0"]
[WhiteElo "2226"]
[BlackElo "2177"]
[PlyCount "43"]
[EventDate "2016.03.05"]
[EventType "team-tourn"]
[EventRounds "9"]
[EventCountry "CRO"]
[SourceTitle "CBM 171 Extra"]
[Source "ChessBase"]
[SourceDate "2016.04.26"]
[SourceVersion "1"]
[SourceVersionDate "2016.04.26"]
[SourceQuality "1"]
[WhiteTeam "Krk"]
[BlackTeam "Pula Uljanik"]
[WhiteTeamCountry "CRO"]
[BlackTeamCountry "CRO"]

1. c4 Nf6 2. g3 e6 3. Nf3 d5 4. Bg2 c6 5. Qc2 Be7 6. b3 0-0 7. Bb2 b5 8. d3 bxc4 9. bxc4 Bb7 10. 0-0 Nbd7 11. Nbd2 Qa5 12. Bc3 Qa6 13. Rab1 Rab8 14. Ne5 Ba8 15. h4 Rxb1 16. Rxb1 Nxe5 17. Bxe5 Nd7 18. Ba1 Bd6 19. Nf3 Rb8 20. Rxb8+ Bxb8 21. Qb2 e5 22. Bh3 1-0

[Event "CRO-chT2 West"]
[Site "Croatia"]
[Date "2015.10.24"]
[Round "7.1"]
[White "Mandekic, Ivan"]
[Black "Cherin, Diego"]
[Result "1-0"]
[WhiteElo "2252"]
[BlackElo "2255"]
[PlyCount "141"]
[EventDate "2015.02.21"]
[EventType "team-tourn"]
[EventRounds "9"]
[EventCountry "CRO"]
[SourceTitle "EXT 2017"]
[Source "ChessBase"]
[SourceDate "2016.10.25"]
[SourceVersion "1"]
[SourceVersionDate "2016.10.25"]
[SourceQuality "1"]
[WhiteTeam "Krk"]
[BlackTeam "Rovinj Batana"]
[WhiteTeamCountry "CRO"]
[BlackTeamCountry "CRO"]

1. e4 c5 2. Nf3 e6 3. d3 d5 4. Qe2 Be7 5. g3 Nc6 6. Bg2 Nf6 7. 0-0 0-0 8. e5 Nd7 9. c4 d4 10. h4 Re8 11. Bf4 Nf8 12. h5 f6 13. h6 Ng6 14. hxg7 Nxf4 15. gxf4 f5 16. Nbd2 Bd7 17. Kh2 Kxg7 18. Bh3 Kh8 19. Rg1 Rg8 20. Rxg8+ Qxg8 21. Rg1 Qe8 22. Qf1 h6 23. Bxf5 exf5 24. Qh3 Qf8 25. Ng5 Bxg5 26. Rxg5 Ne7 27. Rh5 Ng8 28. e6 Bxe6 29. Nf3 Qf6 30. Ne5 Kh7 31. Qg2 Qg7 32. Qh3 Qf6 33. Qg2 Rb8 34. Rh3 Ne7 35. Nf3 Ng6 36. Ng5+ Kg7 37. Rxh6 Kxh6 38. Qh3+ Kg7 39. Qh7+ Kf8 40. Qc7 Qd8 41. Nxe6+ Ke8 42. Nxd8 Rxd8 43. Qxb7 Nxf4 44. Qf3 Ne6 45. Qxf5 Ke7 46. Qh7+ Kd6 47. Qxa7 Ke5 48. Qb7 Rh8+ 49. Kg1 Kf6 50. Qf3+ Kg5 51. Qd5+ Kf6 52. Qe4 Rh3 53. Kg2 Rxd3 54. a4 Rd2 55. Qh4+ Kf5 56. Qh7+ Ke5 57. Qh5+ Kf4 58. Qh6+ Ng5 59. Qd6+ Kg4 60. Qd7+ Kf4 61. Qc7+ Kg4 62. Qc8+ Kf4 63. Qf8+ Kg4 64. Qc8+ Kf4 65. Qb8+ Kg4 66. a5 d3 67. Qg3+ Kf5 68. a6 Ne4 69. Qf3+ Ke5 70. a7 Nxf2 71. Qxf2 1-0

[Event "Krk Golden Island op 3rd"]
[Site "Malinska"]
[Date "2015.10.20"]
[Round "5"]
[White "Mandekic, Ivan"]
[Black "Bilguun, Sumiya"]
[Result "1/2-1/2"]
[WhiteElo "2208"]
[BlackElo "2348"]
[PlyCount "72"]
[EventDate "2015.10.17"]
[EventType "swiss"]
[EventRounds "9"]
[EventCountry "CRO"]
[SourceTitle "CBM 168 Extra"]
[Source "ChessBase"]
[SourceDate "2015.10.29"]
[SourceVersion "1"]
[SourceVersionDate "2015.10.29"]
[SourceQuality "1"]

1. c4 e6 2. g3 Nf6 3. Bg2 d5 4. Nf3 c6 5. Qc2 dxc4 6. Qxc4 b5 7. Qc2 Bb7 8. 0-0 Nbd7 9. b3 c5 10. d3 Be7 11. Bb2 0-0 12. Nbd2 Rc8 13. a4 a6 14. axb5 axb5 15. Ra7 Qb6 16. Rfa1 Nd5 17. Qb1 Nb8 18. Ne5 f6 19. Nec4 bxc4 20. bxc4 Na6 21. Rxb7 Qxb7 22. cxd5 exd5 23. Bxd5+ Qxd5 24. Rxa6 Ra8 25. Rxa8 Rxa8 26. Nc4 Qe6 27. Qc2 Re8 28. Bc1 h5 29. h4 Ra8 30. Bb2 Bf8 31. Bc1 Be7 32. Bb2 Bd8 33. e4 Rb8 34. Qe2 Rb3 35. Qc2 Rb8 36. Qe2 Rb3 1/2-1/2

[Event "Krk Golden Island op 3rd"]
[Site "Malinska"]
[Date "2015.10.18"]
[Round "3"]
[White "Valkovic, Kristian"]
[Black "Mandekic, Ivan"]
[Result "0-1"]
[WhiteElo "2078"]
[BlackElo "2208"]
[PlyCount "76"]
[EventDate "2015.10.17"]
[EventType "swiss"]
[EventRounds "9"]
[EventCountry "CRO"]
[SourceTitle "CBM 168 Extra"]
[Source "ChessBase"]
[SourceDate "2015.10.29"]
[SourceVersion "1"]
[SourceVersionDate "2015.10.29"]
[SourceQuality "1"]

1. g3 c5 2. f4 g6 3. Nf3 Bg7 4. Bg2 Nc6 5. 0-0 d6 6. d3 Nf6 7. e4 0-0 8. Nc3 Rb8 9. h3 Nd7 10. g4 b5 11. Qe1 Nd4 12. Nxd4 cxd4 13. Ne2 Qc7 14. Qd2 b4 15. b3 Rb5 16. Bb2 e5 17. a3 bxa3 18. Rxa3 Rc5 19. Rc1 f5 20. b4 Rb5 21. c4 dxc3 22. Bxc3 Qb6+ 23. Kh2 fxg4 24. hxg4 Nf6 25. g5 Ng4+ 26. Kh1 Qf2 27. Qe1 Qxe1+ 28. Bxe1 exf4 29. Rxa7 Rxg5 30. Rcc7 Rh5+ 31. Kg1 Bf6 32. b5 Rxb5 33. e5 Bxe5 34. d4 Bf6 35. Rxh7 Be6 36. Be4 Bf7 37. Rh3 Rb2 38. Bf3 Rxe2 0-1

[Event "CRO-chT2 West"]
[Site "Rijeka"]
[Date "2012.10.14"]
[Round "8.31"]
[White "Bulic, Josip"]
[Black "Mandekic, Ivan"]
[Result "1-0"]
[WhiteElo "2235"]
[BlackElo "2286"]
[PlyCount "69"]
[EventDate "2012.03.17"]
[EventType "team-tourn"]
[EventRounds "9"]
[EventCountry "CRO"]
[SourceTitle "EXT 2013"]
[Source "ChessBase"]
[SourceDate "2012.11.22"]
[SourceVersion "1"]
[SourceVersionDate "2012.11.22"]
[SourceQuality "1"]

1. d4 Nf6 2. Nf3 e6 3. Bg5 h6 4. Bh4 b6 5. e3 Bb7 6. Nbd2 Be7 7. Bd3 d6 8. 0-0 g5 9. Bg3 Nh5 10. Ne1 Nxg3 11. fxg3 h5 12. e4 g4 13. Qe2 Bg5 14. a4 a5 15. c3 Nc6 16. Bb5 Ke7 17. d5 Ne5 18. Nd3 Nxd3 19. Bxd3 Rh6 20. Nc4 Ba6 21. Nxa5 bxa5 22. Bxa6 Qb8 23. Bb5 Qb6+ 24. Kh1 Rah8 25. Rae1 Bf6 26. dxe6 fxe6 27. e5 Bxe5 28. Qd2 c6 29. Bc4 Qc5 30. Qg5+ Ke8 31. Bd3 Qd5 32. Bg6+ Rxg6 33. Qxg6+ Kd8 34. Rf7 Re8 35. Rb7 1-0

[Event "CRO-chT2 West"]
[Site "Rijeka"]
[Date "2012.10.14"]
[Round "9.31"]
[White "Mandekic, Ivan"]
[Black "Juranic, Bruno"]
[Result "0-1"]
[WhiteElo "2286"]
[BlackElo "2174"]
[PlyCount "114"]
[EventDate "2012.03.17"]
[EventType "team-tourn"]
[EventRounds "9"]
[EventCountry "CRO"]
[SourceTitle "EXT 2013"]
[Source "ChessBase"]
[SourceDate "2012.11.22"]
[SourceVersion "1"]
[SourceVersionDate "2012.11.22"]
[SourceQuality "1"]

1. c4 e5 2. g3 d5 3. cxd5 Qxd5 4. Nf3 Nc6 5. Nc3 Qd8 6. Bg2 Be6 7. 0-0 Be7 8. Qa4 Qd7 9. Rd1 Bf6 10. Ne4 Be7 11. d4 exd4 12. Nxd4 Nxd4 13. Qxd7+ Bxd7 14. Rxd4 f5 15. Nc3 c6 16. e4 Bf6 17. Rb4 0-0-0 18. Be3 a6 19. Na4 fxe4 20. Nb6+ Kb8 21. Bf4+ Ka7 22. Bc7 Bf5 23. Bxd8 Bxd8 24. Nc4 Be7 25. Rb3 Be6 26. Rc3 Nf6 27. Rc2 Bd5 28. b3 Bc5 29. h3 Rf8 30. Re1 Nh5 31. Ne3 Bb6 32. Bf1 Nf6 33. g4 Nd7 34. Nc4 Bd4 35. Rd1 Ne5 36. Nxe5 Bxe5 37. Bg2 Kb6 38. Re1 Rf4 39. Re3 Bd4 40. Ree2 c5 41. b4 cxb4 42. Rcd2 Kc5 43. Re1 Bc3 44. Rc2 Kd4 45. Rd1+ Ke5 46. Re2 Bc4 47. Rc2 Bd3 48. Rcc1 Bd4 49. Rd2 Bb5 50. Rcd1 e3 51. Re1 e2 52. Rexe2+ Bxe2 53. Rxe2+ Kd6 54. Bxb7 a5 55. Be4 Rxe4 56. Rxe4 Kd5 57. Re8 a4 0-1

[Event "Latschach op 28th"]
[Site "Latschach"]
[Date "2012.08.13"]
[Round "4"]
[White "Kersic, Matej"]
[Black "Mandekic, Ivan"]
[Result "1/2-1/2"]
[WhiteElo "2196"]
[BlackElo "2267"]
[PlyCount "77"]
[EventDate "2012.08.11"]
[EventType "swiss"]
[EventRounds "9"]
[EventCountry "AUT"]
[SourceTitle "CBM 149 Extra"]
[Source "ChessBase"]
[SourceDate "2012.08.24"]
[SourceVersion "1"]
[SourceVersionDate "2012.08.24"]
[SourceQuality "1"]

1. e4 c5 2. Nf3 e6 3. d4 cxd4 4. Nxd4 a6 5. Bd3 Nf6 6. Qe2 d6 7. 0-0 Nbd7 8. Kh1 g6 9. f4 Bg7 10. Nf3 0-0 11. Nc3 Nc5 12. Be3 Qc7 13. Rad1 b5 14. a3 Bb7 15. Bd4 Nxd3 16. cxd3 Rfe8 17. Rc1 Qd8 18. Rc2 Rc8 19. Rfc1 Bh6 20. Be3 Ng4 21. Bd2 f5 22. Nd1 Rxc2 23. Rxc2 Qa8 24. Ng5 Qd8 25. Qe1 Bxg5 26. fxg5 fxe4 27. dxe4 Rf8 28. Nc3 Qb6 29. h3 Nf2+ 30. Kh2 Qd4 31. Be3 Qe5+ 32. Kg1 Nd3 33. Qd2 Nf4 34. Qd4 Qxg5 35. Bxf4 Qxf4 36. Rd2 Qf1+ 37. Kh2 Qf4+ 38. Kh1 Qf1+ 39. Kh2 1/2-1/2

[Event "CRO-chT2 West"]
[Site "Rijeka"]
[Date "2012.03.17"]
[Round "1.41"]
[White "Fucak, Emilijo"]
[Black "Mandekic, Ivan"]
[Result "1-0"]
[WhiteElo "2196"]
[BlackElo "2286"]
[PlyCount "117"]
[EventDate "2012.03.17"]
[EventType "team-tourn"]
[EventRounds "9"]
[EventCountry "CRO"]
[SourceTitle "EXT 2013"]
[Source "ChessBase"]
[SourceDate "2012.11.22"]
[SourceVersion "1"]
[SourceVersionDate "2012.11.22"]
[SourceQuality "1"]

1. e4 c5 2. Nc3 d6 3. g3 Nc6 4. Bg2 g6 5. d3 Bg7 6. f4 Nf6 7. Nf3 0-0 8. 0-0 Rb8 9. h3 b5 10. a3 a5 11. Be3 b4 12. axb4 axb4 13. Ne2 Qb6 14. b3 Bb7 15. g4 Nd7 16. Rc1 Nd4 17. Qe1 Nxe2+ 18. Qxe2 Ra8 19. Qf2 Ra2 20. Qh4 Rfa8 21. f5 Bf6 22. g5 Bg7 23. Nh2 gxf5 24. exf5 Bxg2 25. Kxg2 Qc6+ 26. Kg1 Ra1 27. Ng4 Rxc1 28. Bxc1 Bd4+ 29. Be3 Bxe3+ 30. Nxe3 Ne5 31. Qg3 Kh8 32. h4 Rg8 33. f6 e6 34. Ng4 Nxg4 35. Qxg4 Qd5 36. Kh2 Qe5+ 37. Qg3 Qd5 38. Qf3 Qe5+ 39. Qg3 Qd5 40. Qf3 Qxf3 41. Rxf3 h6 42. Rh3 Kh7 43. Kg3 Kg6 44. Kg4 h5+ 45. Kf4 Ra8 46. Rh1 Ra5 47. Ke4 Ra2 48. Rc1 Ra3 49. Kf4 d5 50. Ke5 Ra8 51. Kd6 c4 52. bxc4 dxc4 53. dxc4 Rd8+ 54. Kc5 Kf5 55. Rf1+ Kg4 56. g6 fxg6 57. f7 Rf8 58. Kd6 Kxh4 59. Ke7 1-0